| History - World | 0 | 12 | 4 | 2 | 100 | 45 | 83.50 | 2 | 8 |
| Art - Music/Opera | 0 | 14 | 10 | 2 | 90 | 61 | 96.86 | 4 | 8 |
| Art - Painting/Sculpture | 0 | 10 | 2 | 0 | 90 | 53 | 74.20 | 4 | 10 |
| Art - Other | 0 | 8 | 0 | 0 | 80 | 39 | 66.50 | 4 | 8 |
| Philosophy - 20th century | 0 | 6 | 0 | 2 | 60 | 61 | 93.33 | 2 | 4 |
| Literature - European long fiction | 0 | 4 | 0 | 0 | 40 | 55 | 69.00 | 4 | 4 |
| Religion - Islam | 0 | 4 | 0 | 2 | 40 | 140 | 143.00 | 0 | 2 |
| Science - Biology | 0 | 4 | 0 | 2 | 40 | 75 | 92.50 | 0 | 2 |
| History - European | 0 | 4 | 0 | 2 | 40 | 136 | 143.00 | 0 | 0 |
| Art - Visual | 0 | 4 | 2 | 0 | 30 | 93 | 99.50 | 2 | 2 |
| Social Science - Psychology | 0 | 2 | 0 | 0 | 20 | 79 | 79.00 | 0 | 0 |
| Geography - Europe | 0 | 2 | 0 | 2 | 20 | 122 | 122.00 | 0 | 0 |
| Geography - Non-U.S. Americas | 0 | 2 | 0 | 0 | 20 | 71 | 71.00 | 2 | 2 |
| History - American | 0 | 2 | 0 | 0 | 20 | 83 | 83.00 | 0 | 2 |
| Literature - American drama | 0 | 2 | 0 | 0 | 20 | 86 | 86.00 | 0 | 2 |
| Literature - American long fiction | 0 | 2 | 0 | 0 | 20 | 85 | 85.00 | 0 | 2 |
| Literature - European any | 0 | 2 | 0 | 0 | 20 | 102 | 102.00 | 0 | 0 |
| Literature - World/Misc long fiction | 0 | 2 | 0 | 0 | 20 | 75 | 75.00 | 2 | 2 |
| Literature - World/Misc poetry | 0 | 2 | 0 | 0 | 20 | 77 | 77.00 | 0 | 2 |
| Mythology - Norse | 0 | 2 | 0 | 2 | 20 | 137 | 137.00 | 0 | 0 |
| Philosophy - Mixed/Any | 0 | 2 | 0 | 0 | 20 | 112 | 112.00 | 0 | 2 |
| Religion - Buddhism | 0 | 2 | 0 | 0 | 20 | 108 | 108.00 | 0 | 2 |
| Religion - Mixed/Any | 0 | 2 | 0 | 0 | 20 | 132 | 132.00 | 0 | 2 |
| Social Science - Anthropology | 0 | 2 | 0 | 2 | 20 | 130 | 130.00 | 0 | 0 |
| Social Science - Economics | 0 | 2 | 0 | 0 | 20 | 69 | 69.00 | 0 | 2 |
| Literature - American poetry | 0 | 2 | 2 | 0 | 10 | 114 | 114.00 | 0 | 0 |
| Science - Chemistry | 0 | 2 | 2 | 0 | 10 | 81 | 81.00 | 0 | 2 |
| Mythology - Greco/Roman | 0 | 4 | 6 | 0 | 10 | 55 | 55.50 | 0 | 4 |
| Religion - Christianity/Judaism | 0 | 0 | 0 | 0 | 0 | | 0.00 | 0 | 0 |
| Science - Physics | 0 | 0 | 2 | 0 | -10 | | 0.00 | 0 | 0 |
| Literature - European poetry | 0 | 0 | 2 | 0 | -10 | | 0.00 | 0 | 0 |
| Literature - World/Misc drama | 0 | 0 | 2 | 0 | -10 | | 0.00 | 0 | 0 |
| Current Events/Modern World - United States political | 0 | 0 | 2 | 0 | -10 | | 0.00 | 0 | 0 |
| Literature - British poetry | 0 | 0 | 2 | 0 | -10 | | 0.00 | 0 | 0 |
| Philosophy - Ancient | 0 | 0 | 2 | 0 | -10 | | 0.00 | 0 | 0 |
| Philosophy - Medieval | 0 | 0 | 2 | 0 | -10 | | 0.00 | 0 | 0 |
| Philosophy - Pre-20th | 0 | 0 | 2 | 0 | -10 | | 0.00 | 0 | 0 |
| Mythology - Mixed/Any | 0 | 0 | 2 | 0 | -10 | | 0.00 | 0 | 0 |
| History - Other | 0 | 2 | 8 | 2 | -20 | 134 | 134.00 | 0 | 0 |
| Mythology - East Asia | 0 | 0 | 4 | 0 | -20 | | 0.00 | 0 | 0 |